| 000 | 01011nam a22003378i 4500 | ||
|---|---|---|---|
| 999 |
_c1633 _d1633 |
||
| 001 | 021871130 | ||
| 003 | UkOxU | ||
| 005 | 20230116121938.0 | ||
| 008 | 190730s2019 enka j 000|f|eng|d | ||
| 015 |
_aGBB9D4612 _2bnb |
||
| 016 | 7 |
_a019495423 _2Uk |
|
| 020 | _a9781474956567 (hbk.) : | ||
| 035 | _a(Uk)019495423 | ||
| 040 |
_aStDuBDS _beng _erda _cStDuBDS _dKH8 |
||
| 082 | 0 | 4 |
_a823.92 DAV _223 |
| 100 | 1 |
_aDavidson, Susanna, _eauthor. |
|
| 245 | 1 | 4 |
_aThe ant and the grasshopper / _cSusanna Davidson ; illustrated by John Joven. |
| 263 | _a201910 | ||
| 264 | 1 |
_aLondon : _bUsborne Publishing Ltd., _c2019. |
|
| 300 |
_a1 volume : _billustrations (colour) ; _c20 cm. |
||
| 336 |
_atext _2rdacontent |
||
| 336 |
_astill image _2rdacontent |
||
| 337 |
_aunmediated _2rdamedia |
||
| 338 |
_avolume _2rdacarrier |
||
| 490 | 0 | _aUsborne first reading. Level three | |
| 655 | 0 | _aFables. | |
| 655 | 0 | _aChildren's stories. | |
| 700 | 1 |
_aJoven, John, _eillustrator. |
|
| 700 | 0 | _aAesop. | |
| 942 |
_2ddc _cNFIC |
||